000 00863cam a2200301 4500500
005 20260405003729.0
041 _afre
042 _adc
100 1 0 _aLegros, Martin
_eauthor
700 1 0 _aMawas, Elliot
_eauthor
245 0 0 _aLes philosophes face à la bombe d’Oppenheimer
260 _c2023.
500 _a45
690 _aApocalypse
690 _aBombe nucléaire
690 _aDestruction
690 _aÉtats-Unis
690 _aHannah Arendt
690 _aHans Jonas
690 _aJaspers
690 _aKenzaburô Ôé
690 _aMichael Walzer
690 _aPhysique
690 _aScience
690 _aSeconde Guerre mondiale
786 0 _nPhilosophie magazine | 171 | 8 | 2023-07-01 | p. 23-25 | 1951-1787
856 4 1 _uhttps://shs.cairn.info/magazine-philosophie-magazine-2023-8-page-23?lang=fr&redirect-ssocas=7080
999 _c2070268
_d2070268